Welcome to CU Library Online Public Access Catalogue (OPAC)

20 CENTURIES OF GREAT PREACHING; (Record no. 6051)

MARC details
000 -LEADER
fixed length control field 00393nam a22001457a 4500
005 - DATE AND TIME OF LATEST TRANSACTION
control field 20250529172017.0
008 - FIXED-LENGTH DATA ELEMENTS--GENERAL INFORMATION
fixed length control field 250529b |||||||| |||| 00| 0 eng d
050 ## - LIBRARY OF CONGRESS CALL NUMBER
Classification number BV4207
Item number FAN
100 ## - MAIN ENTRY--PERSONAL NAME
Personal name FANT, E. CLYDE
245 ## - TITLE STATEMENT
Title 20 CENTURIES OF GREAT PREACHING;
Remainder of title AN ENCYCLOPEDIA OF PREACHING
250 ## - EDITION STATEMENT
Edition statement VOL 8
260 ## - PUBLICATION, DISTRIBUTION, ETC.
Place of publication, distribution, etc. TEXAS
Name of publisher, distributor, etc. WORD BOOKS PUBLISHER
300 ## - PHYSICAL DESCRIPTION
Extent viii, 321p
942 ## - ADDED ENTRY ELEMENTS (KOHA)
Source of classification or shelving scheme Library of Congress Classification
Koha item type Books
Suppress in OPAC No
999 ## -
-- 6051
-- 6051
Holdings
Withdrawn status Lost status Source of classification or shelving scheme Damaged status Not for loan Collection Home library Current library Shelving location Date acquired Total checkouts Full call number Barcode Date last seen Copy number Price effective from Koha item type
    Library of Congress Classification     Non-fiction Undergraduate Library (Christ Temple) Undergraduate Library (Christ Temple) General stacks 05/29/2025   BV 4207 FAN ulct00002744 05/29/2025 1 05/29/2025 Books
© 2023-2024 Copyright: Central University Libraries. All Rights Reserved | Created by: Mahone Tech Office